000 01069cas a22003137ar4500
005 20220329142306.0
008 000517d19941996mx ar pernn 0 b1spa d
010 _a81160
011 _a82132
022 _a0186-3232
035 _a92618
245 0 0 _aRevista Chapingo :
_bSerie Ingeniería Agrícola
_c/por UACH. Dirección de Difusión Cultural
260 0 _aChapingo, Méx. :
_bUACH. Dirección de Difusión Cultural,
_c1994-1996.
300 _av.
310 _aAnual
362 _av.1 n.3,1996
590 _aBATCH-UPD
_b10
_c20130110
_lUCH01
_h2339
590 _aBATCH-UPD
_b10
_c20130410
_lUCH01
_h1627
590 _aBATCH-UPD
_b10
_c20130914
_lUCH01
_h1639
590 _aCONVERSION
_b10
_c20130109
_lUCH01
_h1345
650 1 4 _aIngeniería agrícola
_xPublicaciones periódicas.
_958205
780 _tRevista Chapingo sin series -1993.
785 _tRevista Chapingo : Serie Ingeniería Agropecuaria 1998-.
866 _av.1 n.1 (1994)
866 _av.1 n.2 (1995)
866 _av.1 n.3 (1996)
901 _aSE
905 _aLilia Sánchez G.
999 _c81160
_d81160